000 00574nam a2200229Ia 4500
003 OSt
005 20221005114105.0
006 a|||||r|||| 00| 0
007 ta
008 221004b |||||||| |||| 00| 0 mal d
024 _a54644
037 _cTextual
040 _aCRL
_cCRL
_bmal
041 _2mal
_amal
082 _aO32,1x.I, J3
100 _aPillai Kunjan
_9205905
245 0 _aAnathapuravarnana
260 _c1953
650 _aMALAYALAM LITERATURE
_938866
942 _hO32,1x.I, J3
_cTEXL
_2cc
999 _c1030216
_d1030216